000 00875nam0a22002651 4500
001 rc\3040619
005 20250806201914.0
035 _a(NLR Aleph) 007180915
090 _a21558
_c21558
100 _a20111006d1944 u y0rusy50 ca
101 0 _arus
102 _aRU
105 _ay z |||||
200 1 _aДальневосточные ильмы - сырье для деревообрабатывающей промышленности
_fдоц. А.А. Цымек
210 _a[Хабаровск]
_cДальгиз
_d1944
215 _a20 с.
_d16 см
300 _aБез обл.
700 1 _aЦымек
_bА.А.
_gАдольф Антонович
801 0 _aRU
_bNLR
_gpsbo
801 1 _aRU
_bELAR
_2rusmarc
852 _aNLR
_jТ50 Г-2/17
942 _cBOOK
945 _aРоссийская национальная библиотека
980 _aNB
980 _aBV